| 000 | 00383nam a2200133Ia 4500 | ||
|---|---|---|---|
| 003 | GCL | ||
| 008 | 140319s9999 xx 000 0 ara d | ||
| 040 |
_aGCL / _cGCL |
||
| 082 | 0 | 4 |
_aط _b028.5 _bم ك |
| 245 | 1 | 0 | _aحيوانات الصحراء وطيورها |
| 260 |
_a[S.N] : _bمكتبة لبنان |
||
| 300 | _a31 ص | ||
| 490 |
_aكتب الفراشة حكايات محبوبة _v0 |
||
| 999 |
_c32160 _d32160 |
||